[Event "IECG CP.2006.P.00010 email"]
[Site "IECG email"]
[Date "2006.10.01"]
[Round "?"]
[White "Oestergaard, Allan"]
[Black "Sulis, Giovanni"]
[Result "1/2-1/2"]
[WhiteElo "2127"]
[BlackElo "1801"]
[PlyCount "88"]
[EventDate "2006.10.01"]
[EventType "tourn (corr)"]
[EventRounds "6"]
[SourceTitle "Corr 2011"]
[Source "ChessBase"]
[SourceDate "2010.08.31"]
[SourceVersion "1"]
[SourceVersionDate "2010.08.31"]
[SourceQuality "1"]

1. e4 c5 2. Nf3 Nc6 3. d4 cxd4 4. Nxd4 Nf6 5. Nc3 e5 6. Nf3 Bb4 7. Bc4 Bxc3+ 8. bxc3 Qa5 9. 0-0 Qxc3 10. Qd3 Qxd3 11. cxd3 d6 12. Ba3 Bg4 13. Ng5 Bh5 14. Rab1 h6 15. Rxb7 0-0 16. Nh3 Na5 17. Re7 Nxc4 18. dxc4 Rfe8 19. Rxe8+ Nxe8 20. f3 Rc8 21. Rc1 f6 22. c5 Bf7 23. Nf2 dxc5 24. Rxc5 Rb8 25. h4 Rb1+ 26. Kh2 Ra1 27. Kg3 Rxa2 28. Ra5 Nc7 29. Rxa7 Nb5 30. Ra8+ Kh7 31. Rf8 Rxa3 32. Rxf7 h5 33. Rb7 Nd4 34. Rb2 Kh6 35. Kh2 Rc3 36. Nd1 Rd3 37. Nf2 Ra3 38. Nh3 Re3 39. Kg3 Re1 40. Kf2 Rh1 41. Ke3 Ra1 42. f4 Nc6 43. Rb3 Re1+ 44. Kd3 Rd1+ 1/2-1/2

[Event "IECG WC.2005.F.00007 email"]
[Site "IECG email"]
[Date "2006.06.05"]
[Round "?"]
[White "Cijs, Peter"]
[Black "Oestergaard, Allan"]
[Result "0-1"]
[WhiteElo "2185"]
[BlackElo "2115"]
[PlyCount "26"]
[EventDate "2006.06.05"]
[EventType "tourn (corr)"]
[EventRounds "14"]
[SourceTitle "Corr 2024"]
[Source "ChessBase"]
[SourceDate "2023.10.19"]
[SourceVersion "1"]
[SourceVersionDate "2023.10.19"]
[SourceQuality "1"]

1. e4 c5 2. Nf3 d6 3. d4 cxd4 4. Nxd4 Nf6 5. Nc3 a6 6. Bc4 e6 7. Bb3 b5 8. 0-0 Be7 9. Qf3 Qb6 10. Be3 Qb7 11. a3 0-0 12. Rfe1 Bd7 13. Qg3 Nc6 0-1

[Event "IECG WC.2005.F.00007 email"]
[Site "IECG email"]
[Date "2006.06.05"]
[Round "?"]
[White "Kriksciunas, Bronislavas"]
[Black "Oestergaard, Allan"]
[Result "1-0"]
[WhiteElo "2144"]
[BlackElo "2115"]
[PlyCount "69"]
[EventDate "2006.06.05"]
[EventType "tourn (corr)"]
[EventRounds "14"]
[SourceTitle "Corr 2008"]
[Source "ChessBase"]
[SourceDate "2008.06.24"]
[SourceVersion "1"]
[SourceVersionDate "2008.06.24"]
[SourceQuality "1"]

1. Nc3 c5 2. e4 Nc6 3. Nf3 g6 4. d4 cxd4 5. Nxd4 Bg7 6. Be3 Nf6 7. Bc4 0-0 8. Bb3 d6 9. f3 Na5 10. Qd2 Nxb3 11. axb3 Bd7 12. g4 Bc6 13. h4 h5 14. Bh6 Qb6 15. Bxg7 Kxg7 16. gxh5 Rh8 17. hxg6 fxg6 18. Ne6+ Kf7 19. Ng5+ Ke8 20. 0-0-0 Rc8 21. Kb1 Bd7 22. Rhe1 Rxh4 23. e5 dxe5 24. Nd5 Qc6 25. Rxe5 Nxd5 26. Rxd5 Rc7 27. b4 Rh5 28. b5 Qxc2+ 29. Qxc2 Rxc2 30. Kxc2 Bf5+ 31. Ne4 Rh3 32. R1d3 Rh2+ 33. Kc3 Re2 34. Re5 Bxe4 35. Rxe4 1-0

[Event "IECG WC.2005.F.00007 email"]
[Site "IECG email"]
[Date "2006.06.05"]
[Round "?"]
[White "Oestergaard, Allan"]
[Black "Orsolic, Marijan"]
[Result "1/2-1/2"]
[WhiteElo "2115"]
[BlackElo "2159"]
[PlyCount "103"]
[EventDate "2006.06.05"]
[EventType "tourn (corr)"]
[EventRounds "14"]
[SourceTitle "Corr 2008"]
[Source "ChessBase"]
[SourceDate "2008.06.24"]
[SourceVersion "1"]
[SourceVersionDate "2008.06.24"]
[SourceQuality "1"]

1. e4 c5 2. Nf3 d6 3. d4 cxd4 4. Nxd4 Nf6 5. Nc3 a6 6. f4 e5 7. Nf3 Nbd7 8. Bc4 b5 9. Bd5 Rb8 10. a3 Nxd5 11. Nxd5 Nf6 12. fxe5 Nxd5 13. Qxd5 Bb7 14. Qd4 Qe7 15. exd6 Qxd6 16. Be3 Qxd4 17. Bxd4 Rc8 18. 0-0-0 Bxe4 19. Rd2 Be7 20. Re1 f5 21. Bxg7 Rg8 22. Bd4 a5 23. c3 b4 24. axb4 axb4 25. Rde2 Kd7 26. Kd2 Bd6 27. Ra1 h5 28. Ke3 Rg4 29. g3 Re8 30. Kd2 Bb8 31. Rae1 Bd6 32. Re3 Rgg8 33. R1e2 Ra8 34. cxb4 Bxb4+ 35. Bc3 Bc5 36. Rxe4 fxe4 37. Rxe4 Rgf8 38. Ne5+ Kd6 39. Nd3 Rae8 40. Ra4 Be3+ 41. Kc2 Rf5 42. g4 hxg4 43. Rxg4 Rg5 44. Nf2 Rxg4 45. Nxg4 Bg5 46. Kd3 Ke6 47. b4 Rf8 48. Bd4 Rf3+ 49. Be3 Rh3 50. Ke4 Bxe3 51. Nxe3 Rh4+ 52. Kd3 1/2-1/2

[Event "IECG CP.2004.Q.00017 email"]
[Site "IECG email"]
[Date "2006.01.20"]
[Round "?"]
[White "Martys, Mark"]
[Black "Oestergaard, Allan"]
[Result "0-1"]
[WhiteElo "2257"]
[BlackElo "2095"]
[PlyCount "34"]
[EventDate "2006.01.20"]
[EventType "tourn (corr)"]
[EventRounds "6"]
[SourceTitle "Corr 2008"]
[Source "ChessBase"]
[SourceDate "2008.06.24"]
[SourceVersion "1"]
[SourceVersionDate "2008.06.24"]
[SourceQuality "1"]

1. d4 f5 2. Nc3 Nf6 3. Bg5 d5 4. Bxf6 exf6 5. e3 Bb4 6. Bd3 g6 7. Qf3 c6 8. Nge2 Nd7 9. a3 Bd6 10. h3 Ne5 11. dxe5 fxe5 12. e4 fxe4 13. Bxe4 dxe4 14. Nxe4 Be7 15. Rd1 Bd7 16. 0-0 Rf8 17. Qe3 Qb6 0-1

[Event "IECG WC.2004.F.00003"]
[Site "IECG email"]
[Date "2005.05.16"]
[Round "?"]
[White "Luehrig, Walter"]
[Black "Oestergaard, Allan"]
[Result "0-1"]
[WhiteElo "2155"]
[BlackElo "2132"]
[PlyCount "49"]
[EventDate "2005.05.16"]
[EventType "tourn (corr)"]
[EventRounds "6"]
[SourceTitle "Corr 2008"]
[Source "ChessBase"]
[SourceDate "2008.06.24"]
[SourceVersion "1"]
[SourceVersionDate "2008.06.24"]
[SourceQuality "1"]

1. d4 f5 2. g3 Nf6 3. Bg2 d6 4. Nf3 g6 5. 0-0 Bg7 6. c4 0-0 7. Nc3 Qe8 8. d5 c5 9. Qc2 Na6 10. a3 Bd7 11. b3 b5 12. cxb5 Bxb5 13. Bb2 Bd7 14. h3 Rb8 15. Nd2 Nc7 16. Rad1 g5 17. Nc4 g4 18. h4 Qf7 19. e3 a6 20. Rfe1 h6 21. Rd2 Rfe8 22. Rc1 Rb7 23. Na5 Rb6 24. Nc4 Rbb8 25. Rdd1 0-1

[Event "IECG WC.2004.F.00003"]
[Site "IECG email"]
[Date "2005.05.16"]
[Round "?"]
[White "Oestergaard, Allan"]
[Black "Mrkvicka, Josef"]
[Result "0-1"]
[WhiteElo "2132"]
[BlackElo "2215"]
[PlyCount "122"]
[EventDate "2005.05.16"]
[EventType "tourn (corr)"]
[EventRounds "6"]
[SourceTitle "Corr 2008"]
[Source "ChessBase"]
[SourceDate "2008.06.24"]
[SourceVersion "1"]
[SourceVersionDate "2008.06.24"]
[SourceQuality "1"]

1. e4 c5 2. Nf3 d6 3. d4 cxd4 4. Nxd4 Nf6 5. Nc3 a6 6. f4 e5 7. Nf3 Nbd7 8. a4 Be7 9. Bc4 Qa5 10. Qe2 0-0 11. 0-0 exf4 12. Bxf4 Ne5 13. Bb3 Bg4 14. Rad1 Rac8 15. Kh1 h6 16. Qe1 Rfe8 17. Bxe5 dxe5 18. Qg3 Be6 19. Bxe6 fxe6 20. Qg6 Red8 21. Rb1 Qc7 22. g4 Qd7 23. Nxe5 Qe8 24. Qxe8+ Rxe8 25. g5 hxg5 26. Nd3 Red8 27. e5 Nh5 28. Rbe1 Nf4 29. Rf3 Rf8 30. Re4 Ba3 31. Ne2 Nxd3 32. Rxd3 Bxb2 33. c3 Rcd8 34. Red4 Rxd4 35. Rxd4 Rf2 36. Rd2 Bc1 37. Kg1 Bxd2 38. Kxf2 Bf4 39. h4 Bxe5 40. hxg5 Kf7 41. Kf3 Kg6 42. Ke4 Bd6 43. Nd4 Kxg5 44. Nxe6+ Kf6 45. Nd8 b6 46. Nc6 g5 47. Kd5 Bc7 48. Ke4 Ke6 49. Nb4 a5 50. Nc2 Kd6 51. Nd4 Bb8 52. Nb3 b5 53. axb5 a4 54. Nd4 Kc5 55. Kd3 g4 56. b6 g3 57. b7 g2 58. Nf3 Bd6 59. Kc2 Kb6 60. Kd3 Kxb7 61. Ng1 Kc6 0-1

[Event "IECG CP.2002.S.00008 email"]
[Site "IECG email"]
[Date "2005.04.01"]
[Round "?"]
[White "McLeod, Sylvester"]
[Black "Oestergaard, Allan"]
[Result "1-0"]
[WhiteElo "2085"]
[BlackElo "2154"]
[PlyCount "95"]
[EventDate "2005.04.01"]
[EventType "tourn (corr)"]
[EventRounds "6"]
[SourceTitle "Corr 2008"]
[Source "ChessBase"]
[SourceDate "2008.06.24"]
[SourceVersion "1"]
[SourceVersionDate "2008.06.24"]
[SourceQuality "1"]

1. e4 e5 2. f4 exf4 3. Nf3 d5 4. Nc3 Nf6 5. exd5 Nxd5 6. Nxd5 Qxd5 7. d4 Nc6 8. Bxf4 Bf5 9. c3 0-0-0 10. Be2 Qe4 11. Qd2 f6 12. 0-0 g5 13. Bg3 h5 14. Rae1 Bd7 15. Bd3 Qd5 16. Be4 Qc4 17. d5 Bc5+ 18. Kh1 h4 19. Bf2 Ne5 20. Nxe5 fxe5 21. b3 Qb5 22. a4 Qb6 23. a5 Qd6 24. a6 Bxf2 25. axb7+ Kb8 26. Qxf2 Rhf8 27. Qe3 Rf4 28. c4 Rdf8 29. Rxf4 exf4 30. Qc3 c5 31. dxc6 Bxc6 32. Bxc6 Qxc6 33. Qe5+ Qc7 34. Qxc7+ Kxc7 35. Re7+ Kb8 36. c5 Rd8 37. Kg1 Rd1+ 38. Kf2 Rc1 39. b4 Rc3 40. h3 Rc2+ 41. Ke1 a6 42. Kd1 Rc4 43. Ke2 Rc3 44. Kd2 Rc4 45. Kd3 Rxb4 46. c6 a5 47. Re8+ Kc7 48. Rc8+ 1-0

[Event "IECG CP.2003.Q.00006 email"]
[Site "IECG email"]
[Date "2005.01.15"]
[Round "?"]
[White "Oestergaard, Allan"]
[Black "Zednik, Martin"]
[Result "0-1"]
[WhiteElo "2162"]
[BlackElo "1948"]
[PlyCount "106"]
[EventDate "2005.01.15"]
[EventType "tourn (corr)"]
[EventRounds "6"]
[EventCountry "ESP"]
[SourceTitle "Corr 2008"]
[Source "ChessBase"]
[SourceDate "2008.06.24"]
[SourceVersion "1"]
[SourceVersionDate "2008.06.24"]
[SourceQuality "1"]

1. e4 e5 2. Nf3 Nc6 3. d4 exd4 4. c3 Nf6 5. e5 Nd5 6. cxd4 Bb4+ 7. Nbd2 d6 8. Bb5 0-0 9. 0-0 Bg4 10. h3 Bh5 11. Qb3 Bxd2 12. Bxd2 a6 13. Ba4 Nce7 14. Qd3 Bxf3 15. Bc2 Ng6 16. Qxf3 dxe5 17. dxe5 Nxe5 18. Bxh7+ Kxh7 19. Qh5+ Kg8 20. Qxe5 Re8 21. Qg3 Qf6 22. Qb3 c6 23. Rfe1 b6 24. Qc2 Rad8 25. Rad1 a5 26. a3 Ra8 27. b3 Rad8 28. Qc4 Kf8 29. Qd3 Rxe1+ 30. Rxe1 Re8 31. Rc1 Kg8 32. Qc4 Re6 33. Qd3 Qe5 34. Rd1 Qd6 35. Bc1 Qe7 36. Qc2 Qf6 37. Qd3 Qh4 38. Qc2 b5 39. Bd2 Qd8 40. Qc1 Qa8 41. Qb2 Qa7 42. Qc2 Qe7 43. a4 b4 44. Rc1 Qd6 45. Qf5 Nc3 46. Bxc3 bxc3 47. Rf1 c5 48. Qb1 Re2 49. Qf5 g6 50. Qg4 Rd2 51. Qe4 c2 52. Qe8+ Kg7 53. Qe1 Qd4 0-1

[Event "IECG CP.2004.P.00059 email"]
[Site "IECG email"]
[Date "2004.10.01"]
[Round "?"]
[White "Malmstroem, Jan"]
[Black "Oestergaard, Allan"]
[Result "1/2-1/2"]
[WhiteElo "1917"]
[BlackElo "2173"]
[PlyCount "61"]
[EventDate "2004.10.01"]
[EventType "tourn (corr)"]
[EventRounds "6"]
[SourceTitle "Corr 2011"]
[Source "ChessBase"]
[SourceDate "2010.08.31"]
[SourceVersion "1"]
[SourceVersionDate "2010.08.31"]
[SourceQuality "1"]

1. e4 c5 2. Nf3 d6 3. d4 cxd4 4. Nxd4 Nf6 5. Nc3 a6 6. Be2 Nbd7 7. Be3 e6 8. 0-0 b5 9. a3 Bb7 10. Bd3 d5 11. exd5 Nxd5 12. Nxd5 Bxd5 13. a4 b4 14. Qe2 Bb7 15. Rfd1 Qc7 16. c3 Nc5 17. Rac1 Nxd3 18. Rxd3 Qe5 19. Rcd1 bxc3 20. Rxc3 Bb4 21. Rc4 Be7 22. f4 Qf6 23. Nc6 Bxc6 24. Bd4 Qf5 25. Rxc6 0-0 26. Be5 Rad8 27. Rf1 a5 28. g4 Qg6 29. f5 Qg5 30. Bf4 Qf6 31. Bg5 1/2-1/2

[Event "IECG WC.2006.S.00008 email"]
[Site "IECG email"]
[Date "2004.07.18"]
[Round "?"]
[White "Houtman, Joop"]
[Black "Oestergaard, Allan"]
[Result "1-0"]
[WhiteElo "2325"]
[BlackElo "2166"]
[PlyCount "89"]
[EventDate "2004.07.18"]
[EventType "tourn (corr)"]
[EventRounds "10"]
[SourceTitle "Corr 2008"]
[Source "ChessBase"]
[SourceDate "2008.06.24"]
[SourceVersion "1"]
[SourceVersionDate "2008.06.24"]
[SourceQuality "1"]

1. e4 e5 2. Nf3 Nc6 3. Bb5 a6 4. Ba4 Nf6 5. 0-0 Be7 6. Re1 b5 7. Bb3 0-0 8. h3 Bb7 9. d3 d6 10. a3 Qd7 11. Nc3 Nd4 12. Nxd4 exd4 13. Ne2 c5 14. Ng3 d5 15. e5 Ne8 16. Qf3 Bd8 17. Ba2 Qe6 18. Bd2 f6 19. Ne4 Be7 20. Nxf6+ Bxf6 21. exf6 Qd7 22. Re7 Qxe7 23. Bxd5+ Bxd5 24. Qxd5+ Qf7 25. Qxa8 Qxf6 26. Qd5+ Rf7 27. f4 Qd6 28. Qxd6 Nxd6 29. Re1 Nb7 30. g4 Kf8 31. Kg2 Re7 32. b4 Kf7 33. Rxe7+ Kxe7 34. Kf3 Ke6 35. bxc5 Nxc5 36. Bb4 Nd7 37. Ke4 g6 38. Kxd4 Nf6 39. Kc5 h5 40. f5+ gxf5 41. gxf5+ Kxf5 42. Kb6 Nd5+ 43. Kxa6 Ne3 44. Kxb5 Nxc2 45. a4 1-0

[Event "IECG WC.2006.S.00008 email"]
[Site "IECG email"]
[Date "2004.07.18"]
[Round "?"]
[White "Oestergaard, Allan"]
[Black "Rost, Detlef"]
[Result "0-1"]
[WhiteElo "2166"]
[BlackElo "2376"]
[PlyCount "86"]
[EventDate "2004.07.18"]
[EventType "tourn (corr)"]
[EventRounds "10"]
[SourceTitle "Corr 2008"]
[Source "ChessBase"]
[SourceDate "2008.06.24"]
[SourceVersion "1"]
[SourceVersionDate "2008.06.24"]
[SourceQuality "1"]

1. e4 c5 2. Nf3 Nc6 3. d4 cxd4 4. Nxd4 Nf6 5. Nc3 e5 6. Ndb5 d6 7. Bg5 a6 8. Na3 b5 9. Nd5 Be7 10. Bxf6 Bxf6 11. c3 0-0 12. Nc2 Rb8 13. Be2 Bg5 14. Qd3 a5 15. Rd1 Be6 16. Nce3 b4 17. 0-0 bxc3 18. bxc3 Ne7 19. Nc4 Nxd5 20. exd5 Bc8 21. Rb1 Ba6 22. Rxb8 Qxb8 23. Qf3 Qc7 24. Nd2 Bxe2 25. Qxe2 Bxd2 26. Qxd2 Qc4 27. Rb1 Rc8 28. h3 Kf8 29. Rb3 a4 30. Ra3 Qb5 31. Qg5 f6 32. Qf5 Rc4 33. Qc2 e4 34. g4 Kf7 35. Qd1 g6 36. Qc2 f5 37. g5 f4 38. Qd2 Qb1+ 39. Kh2 e3 40. fxe3 fxe3 41. Qe2 Qe4 42. Kg1 Kg8 43. Kh2 Qe5+ 0-1

[Event "IECG WC.2006.S.00008 email"]
[Site "IECG email"]
[Date "2004.07.18"]
[Round "?"]
[White "Percze, Rajmond"]
[Black "Oestergaard, Allan"]
[Result "1-0"]
[WhiteElo "2238"]
[BlackElo "2166"]
[PlyCount "89"]
[EventDate "2004.07.18"]
[EventType "tourn (corr)"]
[EventRounds "10"]
[SourceTitle "Corr 2008"]
[Source "ChessBase"]
[SourceDate "2008.06.24"]
[SourceVersion "1"]
[SourceVersionDate "2008.06.24"]
[SourceQuality "1"]

1. e4 c5 2. Nf3 d6 3. d4 cxd4 4. Nxd4 Nf6 5. Nc3 a6 6. Bg5 e6 7. f4 Qb6 8. Nb3 Nbd7 9. Qf3 Be7 10. Bd3 Qc7 11. 0-0-0 h6 12. Bxf6 Bxf6 13. Ne2 b5 14. Ng3 Bb7 15. Nh5 0-0 16. Kb1 e5 17. Rhf1 exf4 18. Nxf4 Be5 19. Nd5 Bxd5 20. exd5 Rae8 21. h4 Nc5 22. Nxc5 dxc5 23. c3 Qd6 24. h5 c4 25. Be4 g6 26. Qg4 Kg7 27. Bc2 a5 28. Rf3 b4 29. hxg6 fxg6 30. cxb4 Rxf3 31. gxf3 Rb8 32. f4 Bxf4 33. Re1 Bg5 34. Qd4+ Bf6 35. Qa7+ Kh8 36. Qf7 Bg7 37. Re8+ Rxe8 38. Qxe8+ Kh7 39. bxa5 c3 40. Qxg6+ Qxg6 41. d6 Kg8 42. Bxg6 Kf8 43. a6 Bd4 44. b4 Bf2 45. a4 1-0

[Event "IECG WC.2006.S.00008 email"]
[Site "IECG email"]
[Date "2004.07.18"]
[Round "?"]
[White "Scheuermann, Bernhard"]
[Black "Oestergaard, Allan"]
[Result "0-1"]
[WhiteElo "2315"]
[BlackElo "2166"]
[PlyCount "71"]
[EventDate "2004.07.18"]
[EventType "tourn (corr)"]
[EventRounds "10"]
[SourceTitle "Corr 2008"]
[Source "ChessBase"]
[SourceDate "2008.06.24"]
[SourceVersion "1"]
[SourceVersionDate "2008.06.24"]
[SourceQuality "1"]

1. e4 c5 2. Nf3 d6 3. d4 cxd4 4. Nxd4 Nf6 5. Nc3 a6 6. Be3 e6 7. Be2 b5 8. Bf3 b4 9. e5 d5 10. exf6 bxc3 11. bxc3 Qc7 12. 0-0 Nd7 13. fxg7 Bxg7 14. c4 Qxc4 15. Nf5 Be5 16. Bd4 Kf8 17. Re1 Bxd4 18. Nxd4 h5 19. Qd2 Rb8 20. Qf4 Ke7 21. Rad1 Bb7 22. Nf5+ Kd8 23. Qxc4 dxc4 24. Bxb7 Rxb7 25. Nd6 Rb8 26. Nxf7+ Ke7 27. Nxh8 Rxh8 28. Rd5 Rh6 29. f4 h4 30. Ra5 e5 31. fxe5 Rc6 32. Re4 h3 33. gxh3 c3 34. h4 Ke6 35. h5 Nf8 36. Rea4 0-1

[Event "IECG CM.2004.0.00241 email"]
[Site "IECG email"]
[Date "2004.03.07"]
[Round "?"]
[White "Oestergaard, Allan"]
[Black "Carroll, Patrick J"]
[Result "0-1"]
[WhiteElo "2161"]
[BlackElo "2239"]
[PlyCount "90"]
[EventDate "2004.03.07"]
[EventType "tourn (corr)"]
[EventRounds "6"]
[SourceTitle "Corr 2008"]
[Source "ChessBase"]
[SourceDate "2008.06.24"]
[SourceVersion "1"]
[SourceVersionDate "2008.06.24"]
[SourceQuality "1"]

1. e4 c5 2. Nf3 Nc6 3. d4 cxd4 4. Nxd4 Nf6 5. Nc3 e5 6. Ndb5 d6 7. Bg5 a6 8. Na3 b5 9. Bxf6 gxf6 10. Nd5 f5 11. Bd3 Be6 12. 0-0 Bxd5 13. exd5 Ne7 14. Nxb5 Bg7 15. Nc3 e4 16. Bc4 Ng6 17. Qd2 0-0 18. Rae1 Qh4 19. Bb3 Be5 20. g3 Qg4 21. Bc4 Rfb8 22. Be2 Qh3 23. f4 exf3 24. Rxf3 f4 25. gxf4 Qg4+ 26. Kf1 Bxf4 27. Qd4 f5 28. h3 Qg5 29. Rb1 Be5 30. Qe3 Qe7 31. Qh6 Kh8 32. Bc4 f4 33. Qh5 Nh4 34. Rd3 Rc8 35. b3 Rg8 36. Re1 Qg7 37. Qg4 Bxc3 38. Qxg7+ Bxg7 39. a4 Nf5 40. c3 Be5 41. a5 Rg6 42. b4 Rag8 43. Bxa6 Rg2 44. h4 Bf6 45. Bb5 Bxh4 0-1

[Event "IECG CP.2002.Q.00005 email"]
[Site "IECG email"]
[Date "2003.10.01"]
[Round "?"]
[White "Aktunc, Ozgur"]
[Black "Oestergaard, Allan"]
[Result "0-1"]
[WhiteElo "2162"]
[BlackElo "2156"]
[PlyCount "39"]
[EventDate "2003.10.01"]
[EventType "tourn (corr)"]
[EventRounds "10"]
[SourceTitle "Corr 2008"]
[Source "ChessBase"]
[SourceDate "2008.06.24"]
[SourceVersion "1"]
[SourceVersionDate "2008.06.24"]
[SourceQuality "1"]

1. e4 c5 2. c3 d5 3. exd5 Qxd5 4. d4 Nf6 5. Nf3 Nc6 6. Na3 Bg4 7. Be2 cxd4 8. Nb5 0-0-0 9. Nbxd4 e5 10. Nxc6 Qxc6 11. Qc2 Bc5 12. h3 Bh5 13. 0-0 Qe4 14. Qxe4 Nxe4 15. g4 Bg6 16. Kg2 f6 17. Nh4 Bf7 18. Nf5 g6 19. Ng3 Nxg3 20. fxg3 0-1

[Event "IECG CP.2002.Q.00005 email"]
[Site "IECG email"]
[Date "2003.10.01"]
[Round "?"]
[White "Dhooge, Achiel"]
[Black "Oestergaard, Allan"]
[Result "0-1"]
[WhiteElo "1344"]
[BlackElo "2156"]
[PlyCount "64"]
[EventDate "2003.10.01"]
[EventType "tourn (corr)"]
[EventRounds "10"]
[SourceTitle "Corr 2008"]
[Source "ChessBase"]
[SourceDate "2008.06.24"]
[SourceVersion "1"]
[SourceVersionDate "2008.06.24"]
[SourceQuality "1"]

1. d4 f5 2. c4 Nf6 3. g3 e6 4. Bg2 Be7 5. Nc3 0-0 6. Bg5 c6 7. Nf3 d5 8. e3 Nbd7 9. Qd3 h6 10. Bxf6 Bxf6 11. h4 Nb6 12. c5 Nd7 13. Qd2 Qe8 14. Qe2 b6 15. Na4 bxc5 16. dxc5 Rb8 17. a3 e5 18. Qc2 Ba6 19. b4 Bd3 20. Qd2 f4 21. Rg1 e4 22. Nd4 fxe3 23. fxe3 Ne5 24. Nb2 Qh5 25. Bh1 a5 26. Ra2 Qg4 27. Qd1 Qh3 28. Qd2 axb4 29. axb4 Rxb4 30. Qg2 Qg4 31. Qd2 Rxd4 32. exd4 Bxh4 0-1

[Event "IECG CP.2002.Q.00005 email"]
[Site "IECG email"]
[Date "2003.10.01"]
[Round "?"]
[White "Masquelier, Quentin"]
[Black "Oestergaard, Allan"]
[Result "0-1"]
[WhiteElo "2087"]
[BlackElo "2156"]
[PlyCount "68"]
[EventDate "2003.10.01"]
[EventType "tourn (corr)"]
[EventRounds "10"]
[SourceTitle "Corr 2008"]
[Source "ChessBase"]
[SourceDate "2008.06.24"]
[SourceVersion "1"]
[SourceVersionDate "2008.06.24"]
[SourceQuality "1"]

1. Nf3 g6 2. d4 Bg7 3. Bg5 Nf6 4. e3 0-0 5. Nbd2 d5 6. c3 Nbd7 7. b4 c6 8. Bd3 Re8 9. 0-0 e5 10. Bc2 h6 11. Bh4 e4 12. Bxf6 Qxf6 13. Ne1 a5 14. a3 Bf8 15. g3 Qe7 16. Ng2 Nf6 17. f3 Bf5 18. f4 Bg7 19. Nb3 axb4 20. axb4 b6 21. Qe2 Bg4 22. Qf2 Qe6 23. Nh4 Bh3 24. Rfb1 Qd7 25. Rc1 Rec8 26. Rcb1 Ne8 27. Nd2 Rxa1 28. Rxa1 Nd6 29. Nb3 Qb7 30. Qe1 Bf6 31. Ng2 Ra8 32. Nd2 Nf5 33. Nf1 c5 34. Bb3 h5 0-1

[Event "IECG CP.2003.P.00085 email"]
[Site "IECG email"]
[Date "2003.10.01"]
[Round "?"]
[White "Zamora, Sammy"]
[Black "Oestergaard, Allan"]
[Result "0-1"]
[WhiteElo "1850"]
[BlackElo "2156"]
[PlyCount "72"]
[EventDate "2003.10.01"]
[EventType "tourn (corr)"]
[EventRounds "6"]
[EventCountry "SWE"]
[SourceTitle "Corr 2008"]
[Source "ChessBase"]
[SourceDate "2008.06.24"]
[SourceVersion "1"]
[SourceVersionDate "2008.06.24"]
[SourceQuality "1"]

1. e4 c5 2. Nf3 d6 3. d4 cxd4 4. Nxd4 e6 5. Nc3 Be7 6. Be3 Nf6 7. f3 Nc6 8. Qd2 a6 9. 0-0-0 Qc7 10. g4 b5 11. Nxc6 Qxc6 12. h4 b4 13. Ne2 Qa4 14. Kb1 Bb7 15. g5 Nd7 16. Bg2 Rc8 17. f4 0-0 18. h5 Rc7 19. g6 Rfc8 20. gxh7+ Kxh7 21. Rc1 Bf6 22. h6 g6 23. Bd4 Qb5 24. Bxf6 Nxf6 25. Ng3 a5 26. Qd4 Ne8 27. Rh3 a4 28. Bf1 Qa5 29. Qd2 Qc5 30. f5 a3 31. c4 bxc3 32. Rxc3 Qg1 33. Rh1 Bxe4+ 34. Nxe4 Qxh1 35. fxg6+ fxg6 36. Ng5+ Kg8 0-1

[Event "IECG CA.2003.0.00095 email"]
[Site "IECG email"]
[Date "2003.05.20"]
[Round "?"]
[White "Oestergaard, Allan"]
[Black "Borst, John C"]
[Result "1-0"]
[WhiteElo "2154"]
[BlackElo "2027"]
[PlyCount "73"]
[EventDate "2003.05.20"]
[EventType "tourn (corr)"]
[EventRounds "6"]
[SourceTitle "Corr 2008"]
[Source "ChessBase"]
[SourceDate "2008.06.24"]
[SourceVersion "1"]
[SourceVersionDate "2008.06.24"]
[SourceQuality "1"]

1. e4 e5 2. f4 exf4 3. Nf3 g5 4. h4 g4 5. Ne5 Nf6 6. Bc4 d5 7. exd5 Bd6 8. d4 0-0 9. Bxf4 Nh5 10. g3 f6 11. Nxg4 Qe8+ 12. Kd2 Nxf4 13. gxf4 Bxf4+ 14. Kc3 Kh8 15. Rf1 Bg3 16. Nxf6 Qe3+ 17. Bd3 c5 18. Qh5 Qxd4+ 19. Kd2 Qxh4 20. Nc3 Bh3 21. Qxh4 Bxh4 22. Rh1 Bxf6 23. Rxh3 Bg5+ 24. Ke2 Re8+ 25. Kf2 Rf8+ 26. Kg2 h6 27. Ne4 Rg8 28. Nxg5 Rxg5+ 29. Kf3 Kg7 30. Re1 Na6 31. Re7+ Kf8 32. Rxb7 Nb4 33. Rxh6 Nxd3 34. Rh8+ Rg8 35. Rxg8+ Kxg8 36. cxd3 a6 37. Ke4 1-0

[Event "IECG CA.2003.0.00095 email"]
[Site "IECG email"]
[Date "2003.05.20"]
[Round "?"]
[White "Oestergaard, Allan"]
[Black "Sanga, Alberto"]
[Result "1-0"]
[WhiteElo "2154"]
[BlackElo "2000"]
[PlyCount "43"]
[EventDate "2003.05.20"]
[EventType "tourn (corr)"]
[EventRounds "6"]
[SourceTitle "Corr 2008"]
[Source "ChessBase"]
[SourceDate "2008.06.24"]
[SourceVersion "1"]
[SourceVersionDate "2008.06.24"]
[SourceQuality "1"]

1. e4 e5 2. f4 exf4 3. Nf3 g5 4. Bc4 Qe7 5. d4 d6 6. Nc3 c6 7. 0-0 Bg7 8. a4 Bg4 9. b3 Nd7 10. Ba3 0-0-0 11. e5 c5 12. Qe1 Bxf3 13. gxf3 dxe5 14. dxc5 Ngf6 15. Nb5 Nxc5 16. Nxa7+ Kb8 17. Qa5 Nfd7 18. Nb5 Bf8 19. Qc7+ Ka8 20. Bd5 Qf6 21. a5 Rb8 22. a6 1-0

[Event "IECG CA.2003.0.00095 email"]
[Site "IECG email"]
[Date "2003.05.20"]
[Round "?"]
[White "Zirek, Mehmet"]
[Black "Oestergaard, Allan"]
[Result "0-1"]
[WhiteElo "2102"]
[BlackElo "2154"]
[PlyCount "82"]
[EventDate "2003.05.20"]
[EventType "tourn (corr)"]
[EventRounds "6"]
[SourceTitle "Corr 2008"]
[Source "ChessBase"]
[SourceDate "2008.06.24"]
[SourceVersion "1"]
[SourceVersionDate "2008.06.24"]
[SourceQuality "1"]

1. e4 c5 2. Nf3 d6 3. d4 cxd4 4. Nxd4 Nf6 5. Nc3 a6 6. Bg5 e6 7. f4 h6 8. Bh4 Be7 9. Qf3 Qc7 10. Be2 Nbd7 11. Qg3 b5 12. Bf3 b4 13. Nce2 g5 14. fxg5 hxg5 15. Bxg5 Bb7 16. Bxf6 Bxf6 17. 0-0-0 Qc5 18. Qe1 a5 19. Nb3 Qe5 20. Nbd4 Rc8 21. h4 Bxe4 22. Bxe4 Qxe4 23. g3 e5 24. Rd2 Be7 25. Nb3 a4 26. Na1 Nb6 27. Kb1 Nc4 28. Rd3 d5 29. Nc1 Bc5 30. Rd1 Be3 31. Rh2 Rb8 32. Re2 d4 33. Nd3 f5 34. Nxb4 a3 35. b3 Nb2 36. Nd3 Nxd1 37. Qxd1 f4 38. gxf4 exf4 39. Rh2 f3 40. Rh1 f2 41. Rf1 0-0 0-1